00353nam a2200121 a 450000500170000000800410001705000260005824500410008426000320012530000070015744000550016465000120021920140412111417.0070806s19uu xx 00 eng d aTR(PS 372.4bLET 1981 aThe letter people: Q:bSkillbook 25. aU.S.A :bWorld book,c1981. a13 aA world book- Childcraft reading readiness program aReading